• 首页
  • 本馆介绍
  • 公告通知
  • 最新文献
  • 馆藏检索
  • 电子资源
  • 读者导购
  • 参考咨询
  • 我的图书馆
  • 登录
  • 详细信息显示
  • 放入我的书架
  • 预约/预借图书
  • 作者相关作品
  • 分类相关作品
  • 丛书相关作品
  • 出版社相关作品

书目信息

  • 表格格式
  • 工作单格式
  • 卡片格式
题名:
哈尔滨解放
    
 
作者: 曲雪峰 主编 ;哈尔滨市档案局(馆) 编
分册:  
出版信息: 北京   中国文史出版社  2017
页数: 15,543页
开本: 26cm
丛书名: 城市解放纪实丛书
单 册:
中图分类: I253.2 , K266.606
科图分类:
主题词: 纪实文学--中国--当代 , 第三次国内革命战争--黑龙江--哈尔滨--史料
电子资源:
ISBN: 978-7-5034-9678-3
000 01069oam2 2200301 450
001 012001004772
005 20140928162350.0
010    @a978-7-5034-9678-3@dCNY88.00
100    @a20180217d2017 em y0chiy50 ea
101 0  @achi
102    @aCN@b110000
105    @aa z 000yy
106    @ar
200 1  @a哈尔滨解放@9ha er bin jie fang@e1946.4.28@f哈尔滨市档案局(馆)编
210    @a北京@c中国文史出版社@d2017
215    @a15,543页@c照片@d26cm
225 1  @a城市解放纪实丛书@f李明华主编
314    @a主编:曲雪峰
330    @a本书是按照国家档案局的要求,以解放战争时期有关哈尔滨革命历史档案和史料编辑而成。全书共分为解放前夕、解放哈尔滨、接管哈尔滨、建设哈尔滨、支援前线、附录六部分。
461  0 @12001 @a城市解放纪实丛书
606 0  @a纪实文学@y中国@z当代
606 0  @a第三次国内革命战争@y黑龙江@y哈尔滨@j史料
690    @aI253.2@v5
690    @aK266.606@v5
701  0 @a曲雪峰@9qu xue feng@4主编
712 02 @a哈尔滨市档案局(馆)@9ha er bin shi dang an ju(guan)@4编
801  0 @aCN@b上海新华@c20180901
905    @b1171487-91@dI253.2@e1087@f5
    
    哈尔滨解放:1946.4.28/哈尔滨市档案局(馆)编.-北京:中国文史出版社,2017
    15,543页:照片;26cm.-(城市解放纪实丛书/李明华主编)
    
    
    ISBN 978-7-5034-9678-3:CNY88.00
    本书是按照国家档案局的要求,以解放战争时期有关哈尔滨革命历史档案和史料编辑而成。全书共分为解放前夕、解放哈尔滨、接管哈尔滨、建设哈尔滨、支援前线、附录六部分。
●
相关链接 在E读中查询图书 在五车中查询图书 在当当中查询图书 在豆瓣中查询图书


正题名:哈尔滨解放     索取号:I253.2/1087         预约/预借

序号 登录号 条形码 馆藏地/架位号 状态 备注
1 1171487   211714876   第一样本阅览室/ [索取号:I253.2/1087] 在馆    
2 1171488   211714885   第二借阅区/ [索取号:I253.2/1087] 在馆    
3 1171489   211714894   密集书库-文学院/ [索取号:I253.2/1087] 在馆    
4 1171490   211714901   第二借阅区/ [索取号:I253.2/1087] 在馆    
5 1171491   211714910   第二借阅区/ [索取号:I253.2/1087] 在馆    
唐山师范学院图书馆 欢迎您!
大连网信软件有限公司© 版权所有